|
|
|
|
| LEADER |
00000ny a22000003n 4500 |
| 005 |
2011060807447.0 |
| 008 |
040604s2005 sp || 000|0 spa c |
| 035 |
|
|
|a 587
|
| 040 |
|
|
|a SpMaUCED
|d vLex
|
| 080 |
|
|
|a 371.2
|
| 080 |
|
|
|a 378
|
| 090 |
|
|
|c 554
|d 554
|
| 245 |
0 |
0 |
|a Calidad universitaria y empleo
|h [Recurso electrn̤ico]
|c Jos ̌Cajide Val (coord.)
|
| 256 |
|
|
|a Servicio en ln̕ea
|
| 260 |
|
|
|a Madrid :
|b Dykinson,
|c 2005
|
| 300 |
|
|
|a 222 p. ;
|c 21 cm.
|
| 506 |
1 |
|
|a Contenido solo disponible en los productos indicados
|d vLex Global
|d vLex Global (Academic Edition, excluding Law Schools)
|d vLex Global (U.S. Academic Edition, Law Schools)
|d vLex Global (U.S. Academic Edition, excluding Law Schools)
|d vLex Global (Academic Edition, Law Schools)
|
| 650 |
0 |
7 |
|a Trabajo, Mercado de, Efectos de la educacin̤ en el
|2 Tesauro vLex
|
| 650 |
0 |
7 |
|a Laboral
|2 Tesauro vLex
|
| 650 |
0 |
7 |
|a Empleo
|2 Tesauro vLex
|
| 650 |
0 |
7 |
|a Universidades
|2 Tesauro vLex
|
| 700 |
1 |
|
|a Cajide Val, Jos,̌
|e dir
|
| 740 |
0 |
|
|a vLex Libros (Servicios en ln̕ea)
|
| 856 |
4 |
0 |
|u http://vlex.com/source/587
|z Acceso restringido
|
| 942 |
|
|
|c BOOK
|
| 999 |
0 |
|
|a Labor laws and legislation
|b Madrid
|